000
00198 a2200097 4500
001
45897
100
_a
Moyes A
245
_a
Benaud
260
_a
London
_b
Angus robertson
_c
090
_c
29002
_d
29002
942
_a
NUST-CAE
_c
M
_c
21117
999
_c
280970
_d
280970